00450nam a2200169Ia 450000500170000000800410001702000180005803700130007604000200008904100130010908400170012210000270013924500390016625000110020526000550021630000090027120250326141224.0250326s9999 xx 000 0 und d a81-203-0981-2 aTextbook aFMSLbengcFMSL aeng2eng aX:8 N5qFMSL aStoner J A F, & Others 0aManagementcStoner J A F, & Others aEd 6th aNew DelhibNew Delhi, Prentice-Hall of Indiac1995 a833p